| 000 | 00673nam a2200217 u 4500 | ||
|---|---|---|---|
| 005 | 20250221063813.0 | ||
| 008 | 090821s2002 r 000 0 eng d | ||
| 020 | _a8497350308 | ||
| 035 | _aUPN01000171969 | ||
| 049 | _aCG | ||
| 050 | 4 |
_aHQ769 _bJ3.8 |
|
| 100 | 1 | _aJaksa, Peter | |
| 245 | 1 | 0 |
_a25 errores que cometen los padres y que podrían resolverse fácilmente / _cPeter Jaksa ; tr. Betty Trabal. |
| 260 |
_aBarcelona, Esp. : _bAmat, _c2002. |
||
| 300 | _a217 p. | ||
| 534 |
_pTraducción de: _t25 stupid mistakes parents make |
||
| 650 | 4 |
_aCrianza de niños _96222 |
|
| 650 | 4 |
_aEducación familiar _97274 |
|
| 650 | 4 |
_aPadres e hijos _91360 |
|
| 905 | _aLibro | ||
| 999 |
_c144073 _d144073 |
||